All Johnning Debuts On NCS - Statistics

General Stats
  • This quiz has been taken 5 times
  • The average score is 5 of 6
Answer Stats
Feat. Song Views % Correct
Janji Heroes Tonight 356M
100%
Janji Nostalgia 1M
100%
WATEVA See U 4,5M
75%
OLWIK This Life 8,9M
75%
Philip Strand, Yaro Gif WHAT THE HELL 1,9M
75%
WATEVA Don't Want U Back 1,5M
25%
No matching quizzes found
Score Distribution
Percent of People with Each Score
Percentile by Number Answered
Your Score History
You have not taken this quiz